| 000 | 01195nam a2200325 a 4500 | ||
|---|---|---|---|
| 001 | 000031070 | ||
| 003 | DO-SdBPM | ||
| 005 | 20250829073421.0 | ||
| 007 | ta | ||
| 008 | 110613s2003 dr 000 0 spa d | ||
| 020 | _a9993431214 | ||
| 040 |
_aDO-SdBPM _bspa _cBPMSU _erda |
||
| 049 | _a | ||
| 082 | 4 |
_aRD861.08 _bN717c 2003 _222 |
|
| 245 | 0 | 0 |
_aNiños cantan a las madres : _bantología infantil del concurso Poesía a las Madres, Biblioteca Nacional Pedro Henríquez Ureña 1992-2001 / _ceditor Tomás Castro Burdiez. |
| 246 | 1 | 3 | _aNiños cantan a las madres |
| 264 |
_aSanto Domingo : _bBiblioteca Nancional Pedro Henríquez Ureña, _c2003. |
||
| 300 |
_a40 páginas ; _c21 cm. |
||
| 336 |
_atexto _btxt _2rdacontent |
||
| 337 |
_asin mediación _bn _2rdamedia |
||
| 338 |
_avolumen _bnc _2rdacarrier |
||
| 490 | 0 |
_aCadernos Educativos y Culturales; _v22 |
|
| 500 | _aConcurso Poesía a las Madres, Biblioteca Nacional Pedro Henríquez Ureña 1992-2001 | ||
| 590 | _aInventariado, 2025/VM | ||
| 650 | 7 | _aPoesía infantil dominicana | |
| 650 | 7 |
_aMadres _v Poesías |
|
| 700 | 1 |
_aCastro Burdiez, Tomás _eeditor |
|
| 910 | _aVMateo V. Control de calidad. BPMSU | ||
| 942 |
_2ddc _cBK |
||
| 999 |
_c7543 _d7543 |
||